Factores que influyen en la toma de decisiones de las personas que huyen de Centroamérica /
El artículo aborda los factores determinantes que influyen en las decisiones de las personas que huyen de los países de Centroamérica. Explora las razones subyacentes que llevan a estas personas a emprender migraciones forzadas, analizando aspectos como la violencia, la inseguridad, la falta de opor...
में बचाया:
| मुख्य लेखक: | |
|---|---|
| स्वरूप: | पुस्तक |
| विषय: | |
| टैग: |
टैग जोड़ें
कोई टैग नहीं, इस रिकॉर्ड को टैग करने वाले पहले व्यक्ति बनें!
|
MARC
| LEADER | 00000nam a22000007a 4500 | ||
|---|---|---|---|
| 003 | cru CIDCACS/IIS | ||
| 005 | 20230823130554.0 | ||
| 007 | ta | ||
| 008 | 180518b2016 sp|||p|r||||||0| ||spa|d | ||
| 040 | |c cru CIDCACS/IIS | ||
| 100 | 1 | |9 7244 |a Knox, Vickie | |
| 245 | 1 | |a Factores que influyen en la toma de decisiones de las personas que huyen de Centroamérica / |c Vickie Knox | |
| 300 | |a páginas 18-20 | ||
| 520 | |a El artículo aborda los factores determinantes que influyen en las decisiones de las personas que huyen de los países de Centroamérica. Explora las razones subyacentes que llevan a estas personas a emprender migraciones forzadas, analizando aspectos como la violencia, la inseguridad, la falta de oportunidades económicas y la búsqueda de una vida mejor. Se examina cómo estas condiciones socioeconómicas y políticas impactan en las elecciones de migración y en la búsqueda de refugio en otros países. El artículo proporciona una comprensión profunda de los factores contextuales y personales que moldean las decisiones de las personas que enfrentan estas difíciles circunstancias. RAR 03/23 | ||
| 650 | 0 | |2 OCDE |9 3844 |a MIGRACION FORZADA | |
| 650 | 0 | |2 OCDE |9 133 |a VIOLENCIA | |
| 650 | 0 | |2 OCDE |9 451 |a INSEGURIDAD CIUDADANA | |
| 650 | 0 | |2 UNESCO |9 4320 |a OPORTUNIDADES COMERCIALES | |
| 650 | 0 | |2 OCDE |9 38 |a DERECHOS HUMANOS | |
| 651 | 0 | |2 OCDE |9 308 |a CENTROAMERICA | |
| 773 | 0 | |0 19267 |9 2025 |a Centro de Estudios sobre Refugiados |d Universidad de Oxford ; Centro de Estudios sobre Refugiados |o 18698 |t Migraciones Forzadas: |x 14609819 | |
| 942 | |2 ddc |c PP | ||
| 999 | |c 41450 |d 41450 | ||
